<?xml version="1.0" encoding="UTF-8"?><?xml-stylesheet type="text/xsl" href="static/style.xsl"?><OAI-PMH xmlns="http://www.openarchives.org/OAI/2.0/" xmlns:xsi="http://www.w3.org/2001/XMLSchema-instance" xsi:schemaLocation="http://www.openarchives.org/OAI/2.0/ http://www.openarchives.org/OAI/2.0/OAI-PMH.xsd"><responseDate>2026-04-13T00:09:28Z</responseDate><request verb="GetRecord" identifier="oai:www.recercat.cat:10230/72940" metadataPrefix="marc">https://recercat.cat/oai/request</request><GetRecord><record><header><identifier>oai:recercat.cat:10230/72940</identifier><datestamp>2026-04-03T00:22:26Z</datestamp><setSpec>com_2072_6</setSpec><setSpec>col_2072_452952</setSpec></header><metadata><record xmlns="http://www.loc.gov/MARC21/slim" xmlns:dcterms="http://purl.org/dc/terms/" xmlns:xsi="http://www.w3.org/2001/XMLSchema-instance" xmlns:doc="http://www.lyncode.com/xoai" xsi:schemaLocation="http://www.loc.gov/MARC21/slim http://www.loc.gov/standards/marcxml/schema/MARC21slim.xsd">
   <leader>00925njm 22002777a 4500</leader>
   <datafield ind2=" " ind1=" " tag="042">
      <subfield code="a">dc</subfield>
   </datafield>
   <datafield ind2=" " ind1=" " tag="720">
      <subfield code="a">Matyjek, Magdalena</subfield>
      <subfield code="e">author</subfield>
   </datafield>
   <datafield ind2=" " ind1=" " tag="720">
      <subfield code="a">Kita, Sotaro</subfield>
      <subfield code="e">author</subfield>
   </datafield>
   <datafield ind2=" " ind1=" " tag="720">
      <subfield code="a">Torralba Cuello, Mireia</subfield>
      <subfield code="e">author</subfield>
   </datafield>
   <datafield ind2=" " ind1=" " tag="720">
      <subfield code="a">Soto-Faraco, Salvador, 1970-</subfield>
      <subfield code="e">author</subfield>
   </datafield>
   <datafield ind2=" " ind1=" " tag="260">
      <subfield code="c">2026-03-31T08:07:34Z</subfield>
   </datafield>
   <datafield ind2=" " ind1=" " tag="260">
      <subfield code="c">2026-03-31T08:07:34Z</subfield>
   </datafield>
   <datafield ind2=" " ind1=" " tag="260">
      <subfield code="c">2025</subfield>
   </datafield>
   <datafield ind2=" " ind1=" " tag="260">
      <subfield code="c">2026-03-31T08:07:34Z</subfield>
   </datafield>
   <datafield ind2=" " ind1=" " tag="520">
      <subfield code="a">Seeing the speaker often facilitates auditory speech comprehension through audio-visual integration. This audio-visual facilitation is stronger under challenging listening conditions, such as in real-life social environments. Autism has been associated with atypicalities in integrating audio-visual information, potentially underlying social difficulties in this population. The present study investigated multisensory integration (MSI) of audio-visual speech information among autistic and neurotypical adults. Participants performed a speech-in-noise task in a realistic multispeaker social scenario with audio-visual, auditory, or visual trials while their brain activity was recorded using EEG. The neurotypical group demonstrated a non-linear audio-visual effect in alpha oscillations, whereas the autistic group showed merely additive processing. Despite these differences in neural correlates, both groups achieved similar behavioral audio-visual facilitation outcomes. These findings suggest that although autistic and neurotypical brains might process multisensory cues differently, they achieve comparable benefits from audio-visual speech. These results contribute to the growing body of literature on MSI atypicalities in autism.</subfield>
   </datafield>
   <datafield ind2=" " ind1=" " tag="520">
      <subfield code="a">This project has received funding from the European Union&amp;apos;s Horizon 2020 research and innovation programme under the Marie Skłodowska-Curie grant agreement No 945380. Agencia Estatal de Investigación (PID2022-137277NB-I00AEI/FEDER), and AGAUR Generalitat de Catalunya (2021 SGR 00911).</subfield>
   </datafield>
   <datafield ind1="8" ind2=" " tag="024">
      <subfield code="a">https://hdl.handle.net/10230/72940</subfield>
   </datafield>
   <datafield tag="653" ind2=" " ind1=" ">
      <subfield code="a">Audio-visual speech</subfield>
   </datafield>
   <datafield tag="653" ind2=" " ind1=" ">
      <subfield code="a">Autism</subfield>
   </datafield>
   <datafield tag="653" ind2=" " ind1=" ">
      <subfield code="a">EEG</subfield>
   </datafield>
   <datafield tag="653" ind2=" " ind1=" ">
      <subfield code="a">Iconic gestures</subfield>
   </datafield>
   <datafield tag="653" ind2=" " ind1=" ">
      <subfield code="a">Multisensory integration</subfield>
   </datafield>
   <datafield ind2="0" ind1="0" tag="245">
      <subfield code="a">Multisensory integration of naturalistic speech and gestures in autistic adults</subfield>
   </datafield>
</record></metadata></record></GetRecord></OAI-PMH>